000 00342nam a2200133 i 4500
001 bg
100 1 _aKNETS, I. V.
245 0 _aOsnovnye sovremennye napravlenija v matematiceskoj teorii plasticnosti /
_cI.V. Knets.
260 _aRiga,
_c1971.
040 _cBPK
041 _apol
942 _cKS
008 s pl f |000 0 pol
999 _c13744
_d13744
856 _uhttp://koha.tu.koszalin.pl/cgi-bin/koha/opac-detail.pl?biblionumber=13744
_yKatalog online BPK